Kelowna International Airport Destinations (Kelowna, Canada) - Statistics

General Stats
  • This quiz has been taken 58 times
    21 since last reset
  • The average score is 13 of 24
Answer Stats
Airline Destination % Correct
Air Canada Express/Flair Airlines/WestJet/WestJet Encore Calgary
100%
Flair Airlines/WestJet/WestJet Encore Edmonton
95%
Air Canada/Air Canada Rouge/Porter Airlines/WestJet Toronto (Pearson)
89%
Air Canada/Air Canada Express/Air North/Canadian North/Central Mountain Air/Flair Airlines/North Cariboo Air/WestJet/WestJet Encore Vancouver
89%
WestJet Winnipeg
89%
Air Canada Rouge Montréal (Trudeau)
84%
Alaska Airlines/WestJet Encore Seattle/Tacoma
84%
North Cariboo Air/Pacific Coastal Airlines/WestJet Encore Victoria
79%
WestJet Encore Regina
74%
Alaska Airlines Los Angeles
68%
WestJet Encore Saskatoon
68%
WestJet Cancún
53%
WestJet Las Vegas
53%
Canadian North/Pacific Coastal Airlines Kamloops
47%
Central Mountain Air/Pacific Coastal Airlines Prince George
47%
Pacific Coastal Airlines Nanaimo
42%
WestJet Phoenix (Sky Harbor)
32%
WestJet Puerto Vallarta
32%
Canadian North Fort McMurray
21%
WestJet San José del Cabo
21%
Pacific Coastal Airlines Comox
16%
North Cariboo Air Fort St. John
11%
Pacific Coastal Airlines Cranbrook
5%
WestJet Mazatlán
5%
No matching quizzes found
Score Distribution
Percent of People with Each Score
Percentile by Number Answered
Your Score History
You have not taken this quiz since the last reset